Które warzywo trzeba wyrwać z ziemi? - Statystyki

Ogólne statystyki
  • Ten quiz został rozwiązany 14 razy
  • Średni wynik to 3 z 6
Statystyki odpowiedzi
Hint Odpowiedź % Poprawnych
3. Pietruszka
77%
6. Seler
77%
5. Rzodkiew
54%
4. Rzepa
46%
2. Buraki
38%
1. Marchewkę
23%
Nie znaleziono quizów pasujących do podanych kryteriów
Rozkład punktacji
Procent ludzi z każdym wynikiem
Percentyl według liczby udzielonych odpowiedzi
Twoja historia wyników
Nie rozwiązałeś tego quizu